| Tag |
First Indicator |
Second Indicator |
Subfields |
| LEADER |
00000cam a2200000 a 4500 |
| 001 |
in00000641021 |
| 005 |
20151015054516.0 |
| 008 |
791031s1979 nyua 00100 eng d |
| 020 |
|
|
|a 0803801653
|
| 035 |
|
|
|a (OCoLC)05629568
|
| 035 |
|
|
|9 ACU8579AM
|
| 040 |
|
|
|a NRC
|c NRC
|d TXA
|d UtOrBLW
|
| 041 |
1 |
|
|a eng
|a ger
|
| 049 |
|
|
|a TXAM
|c [1386855]
|
| 090 |
|
|
|a NA3050
|b .M6413
|
| 245 |
0 |
0 |
|a Modern fireplaces /
|c introduction, Ernst Danz ; examples, Axel Menges ; [translation into English, Patricia Noris].
|
| 264 |
|
1 |
|a New York :
|b Architectural Book Pub. Co.,
|c 1979.
|
| 300 |
|
|
|a 140 pages :
|b illustrations ;
|c 26 cm.
|
| 336 |
|
|
|a text
|b txt
|2 rdacontent
|
| 337 |
|
|
|a unmediated
|b n
|2 rdamedia
|
| 338 |
|
|
|a volume
|b nc
|2 rdacarrier
|
| 500 |
|
|
|a English and German.
|
| 500 |
|
|
|a Includes indexes.
|
| 650 |
|
0 |
|a Fireplaces.
|
| 700 |
1 |
|
|a Danz, Ernst.
|
| 999 |
|
|
|a MARS
|
| 999 |
f |
f |
|s fe9550e7-5cd3-37ab-a235-e698007b82ca
|i ca557cbb-bff6-34af-b8b2-36997b222bb4
|t 0
|
| 952 |
f |
f |
|p ric
|a Texas A&M University
|b Rellis Campus
|c Joint Library Facility
|d Remote Storage
|t 0
|e NA3050 .M6413
|h Library of Congress classification
|i unmediated -- volume
|m A14803434899
|
| 998 |
f |
f |
|a NA3050 .M6413
|t 0
|l Remote Storage
|